|
|
|
|
| LEADER |
00000nam0a2200000 4500 |
| 001 |
309992 |
| 005 |
20231102002238.0 |
| 035 |
|
|
|a (RuTPU)RU\TPU\book\335333
|
| 090 |
|
|
|a 309992
|
| 100 |
|
|
|a 20151119d1957 km y0rusy50 ca
|
| 101 |
0 |
|
|a rus
|
| 102 |
|
|
|a RU
|
| 105 |
|
|
|a a z 001zy
|
| 200 |
1 |
|
|a Техническая термодинамика
|f А. М. Ицкович
|
| 210 |
|
|
|a Москва
|c Машгиз
|d 1957
|
| 215 |
|
|
|a 192 с.
|c ил.
|e 1 л. диаграммы
|
| 320 |
|
|
|a Библиогр.: с. 190.
|
| 606 |
1 |
|
|a Термодинамика техническая
|x (теплотехника)
|2 stltpush
|3 (RuTPU)RU\TPU\subj\68640
|9 83835
|
| 610 |
1 |
|
|a идеальные газы
|
| 610 |
1 |
|
|a законы
|
| 610 |
1 |
|
|a газовые смеси
|
| 610 |
1 |
|
|a теплоемкость
|
| 610 |
1 |
|
|a первый закон термодинамики
|
| 610 |
1 |
|
|a второй закон термодинамики
|
| 610 |
1 |
|
|a термодинамические процессы
|
| 610 |
1 |
|
|a поршневые двигатели внутреннего сгорания
|
| 610 |
1 |
|
|a водяные пары
|
| 610 |
1 |
|
|a паровые машины
|
| 610 |
1 |
|
|a идеальные циклы
|
| 610 |
1 |
|
|a газотурбинные установки
|
| 610 |
1 |
|
|a холодильные установки
|
| 675 |
|
|
|a 621.1.016.7
|v 3
|
| 700 |
|
1 |
|a Ицкович
|b А. М.
|g Александр Михайлович
|
| 801 |
|
1 |
|a RU
|b 63413507
|c 20151119
|
| 801 |
|
2 |
|a RU
|b 63413507
|c 20151203
|g RCR
|
| 942 |
|
|
|c BK
|